| 000 | 006260000a22002050004500 | ||
|---|---|---|---|
| 090 |
_aAR _b01915 |
||
| 245 | 1 | 0 | _aMortality of little brown following multiple pesticide applications |
| 650 | 1 | 4 |
_aToxicología _992700 |
| 650 | 1 | 4 |
_aMortalidad _99773 |
| 650 | 1 | 4 |
_aMurciélagos _92659 |
| 650 | 1 | 4 |
_aEcología _992250 |
| 651 | 4 |
_mNew Hampshire _992749 |
|
| 653 |
_gMyotis _eMyotis lucifugus |
||
| 041 | 0 | _aInglés | |
| 700 | 1 |
_aAnthony P., Edythe L. _995139 |
|
| 700 | 1 |
_aRumage, W. Timothy _995374 |
|
| 100 | 1 |
_aKunz, Thomas H. _994801 |
|
| 942 | _cARTICULO | ||
| 773 | 1 |
_tJournal Wildlife Management _3212 _h3 _q476-483 _d1977 _g41 |
|
| 999 |
_c10992 _d10992 |
||